Vol. 246, № 1; Scientific American

Xehetasun bibliografikoak
Parent link:Scientific American=Наука и жизнь (сайентифик американ): [journal]. Vol. 246, № 1.— , 1966-1982
Hizkuntza:ingelesa
Argitaratua: 1982
Formatua: MixedMaterials Liburua
KOHA link:https://koha.lib.tpu.ru/cgi-bin/koha/opac-detail.pl?biblionumber=474746

MARC

LEADER 00000nam2a2200000 4500
001 474746
005 20231101092334.0
035 |a (RuTPU)RU\TPU\prd\140759 
035 |a RU\TPU\prd\140753 
090 |a 474746 
100 |a 20120517a20069999m y0rusy50 ca 
101 0 |a eng 
102 |a US 
200 0 |a Vol. 246, № 1 
210 |d 1982 
461 1 |0 (RuTPU)RU\TPU\prd\9  |t Scientific American  |l Наука и жизнь (сайентифик американ)  |o [journal]  |v Vol. 246, № 1  |d 1966-1982 
801 0 |a RU  |b 63413507  |c 20010227  |g PSBO 
801 1 |a RU  |b 63413507  |c 20060123  |g PSBO 
801 2 |a RU  |b 63413507  |c 20191113  |g PSBO 
942 |c BK 
999 |a НТБ_ТПУ  |b НФ  |e -4/20120110  |p П-4658  |u 0,00  |v 1